Business demography : a guide and reference for business planners and marketers

Αποθηκεύτηκε σε:
Λεπτομέρειες βιβλιογραφικής εγγραφής
Κύριος συγγραφέας: Pol, Louis G.
Μορφή: Βιβλίο
Γλώσσα:English
Δημοσίευση: New York : Quorum Books, c1987
Θέματα:
Ετικέτες: Προσθήκη ετικέτας
Δεν υπάρχουν, Καταχωρήστε ετικέτα πρώτοι!

MARC

LEADER 00000nam a2200000 i 4500
001 1/99279
008 000127s1987 eng d
020 |a 0-89930-218-1 
035 |l 10056824 
040 |a GR-MY-UA  |b gre  |e aacr 
041 0 |a eng 
082 0 |a 304.6 
100 1 |a Pol, Louis G. 
245 1 0 |a Business demography :  |b a guide and reference for business planners and marketers /  |c Louis G. Pol 
260 |a New York :   |b Quorum Books,   |c c1987 
300 |a xvi, 289 p.;  |b ill.;  |c 24 cm. 
504 |a Includes bibliographical references and index 
650 0 0 |a Demography. 
650 0 0 |a Marketing research. 
651 0 |a United States  |x Population. 
852 |a INST  |b LESVOS  |e 20000127  |h 304.6 POL  |p 005100021946  |q 005100021946  |t BK  |y 0 
901 |a BIBL1-2000-1 
909 |a Λ  |b 073332 
922 |a 1ΕΛΗ  |b 200001  |c ΚΠΣ/ΤΓ  |d LEADER 
950 |a 118-1999-09-03 
970 |a ΤΖΑΦΕΡΗ  |b ΕΥΑΓΓΕΛΙΑ  |z 2000/02/03